[Event "Saint Louis SPICE Cup op 13th"]
[Site "Saint Louis"]
[Date "2019.10.23"]
[Round "3"]
[White "Gosdin, Kaleb Ryder"]
[Black "Mishra, Abhimanyu"]
[Result "0-1"]
[WhiteElo "2028"]
[BlackElo "2387"]
[PlyCount "90"]
[EventDate "2019.10.22"]
[EventType "swiss"]
[EventRounds "9"]
[EventCountry "USA"]
[SourceTitle "CBM 192 Extra"]
[Source "Chessbase"]
[SourceDate "2019.11.06"]
[SourceVersion "1"]
[SourceVersionDate "2019.11.06"]
[SourceQuality "1"]

1. d4 Nf6 2. c4 g6 3. d5 Bg7 4. Nc3 d6 5. e4 c6 6. Nf3 0-0 7. Be2 cxd5 8. cxd5 Bg4 9. 0-0 Nbd7 10. Be3 Bxf3 11. Bxf3 Qa5 12. Be2 Rfc8 13. f3 Nh5 14. Qd2 Bxc3 15. bxc3 Qxc3 16. Rfc1 Qxd2 17. Bxd2 Nhf6 18. Rab1 Rxc1+ 19. Rxc1 Nc5 20. Be3 Rc8 21. Rb1 Rc7 22. Rc1 Kf8 23. g4 Ke8 24. Bd2 Kd8 25. Ba5 b6 26. Bd2 Na4 27. Rxc7 Kxc7 28. Bb5 Nc5 29. Bg5 a6 30. Be2 b5 31. h4 Kb6 32. Bh6 Ka5 33. Bf8 Ng8 34. Kf2 Ka4 35. Ke3 Ka3 36. f4 Nd7 37. Bg7 Kxa2 38. g5 Kb3 39. Bg4 Nb6 40. h5 a5 41. f5 Nc4+ 42. Kd4 a4 43. fxg6 fxg6 44. Be6 a3 45. Kd3 Nb2+ 0-1

[Event "Saint Louis SPICE Cup op 12th"]
[Site "Saint Louis"]
[Date "2018.10.25"]
[Round "4"]
[White "Watson, John L"]
[Black "Gosdin, Kaleb Ryder"]
[Result "1-0"]
[WhiteElo "2203"]
[BlackElo "2029"]
[PlyCount "51"]
[EventDate "2018.10.23"]
[EventType "swiss"]
[EventRounds "9"]
[EventCountry "USA"]
[SourceTitle "CBM 187 Extra"]
[Source "ChessBase"]
[SourceDate "2018.11.04"]
[SourceVersion "1"]
[SourceVersionDate "2018.11.04"]
[SourceQuality "1"]

1. c4 g6 2. d4 Bg7 3. e4 d6 4. Nc3 c6 5. Be3 a6 6. Nf3 b5 7. a3 Nd7 8. Rc1 Ngf6 9. h3 0-0 10. cxb5 cxb5 11. Bd3 Bb7 12. 0-0 Rc8 13. Qe2 Nb6 14. Nd2 Rc7 15. f3 Nfd7 16. Qf2 Qa8 17. Be2 Rfc8 18. Nb3 Nc4 19. Bxc4 Rxc4 20. Na5 R4c7 21. Qd2 Nb6 22. b3 Qb8 23. Na2 e6 24. d5 Rxc1 25. Rxc1 Rxc1+ 26. Qxc1 1-0

[Event "Saint Louis SPICE Cup op 11th"]
[Site "Saint Louis"]
[Date "2017.10.22"]
[Round "2"]
[White "Grabinsky, Aaron"]
[Black "Gosdin, Kaleb Ryder"]
[Result "1-0"]
[WhiteElo "2366"]
[BlackElo "2011"]
[PlyCount "83"]
[EventDate "2017.10.21"]
[EventType "swiss"]
[EventRounds "9"]
[EventCountry "USA"]
[SourceTitle "CBM 181 Extra"]
[Source "ChessBase"]
[SourceDate "2017.12.12"]
[SourceVersion "1"]
[SourceVersionDate "2017.12.12"]
[SourceQuality "1"]

1. b3 f5 2. Bb2 e6 3. g3 Nf6 4. c4 d5 5. Bg2 Bd6 6. Nf3 Qe7 7. Qc2 0-0 8. 0-0 c6 9. d4 b6 10. Nbd2 Bb7 11. Ne5 Nbd7 12. Rac1 c5 13. cxd5 exd5 14. Ndc4 Bxe5 15. Nxe5 Nxe5 16. dxe5 Ng4 17. b4 c4 18. Qc3 Rfe8 19. Rfd1 Rad8 20. f4 b5 21. Rd4 Qe6 22. Rcd1 Rd7 23. h3 Nh6 24. Kh2 a6 25. Qd2 Red8 26. Bc3 Kh8 27. Bf3 Bc6 28. e3 Ng8 29. Qg2 Ne7 30. g4 g6 31. Be1 g5 32. Bc3 Rg8 33. Rg1 h6 34. Qf2 Kh7 35. Rd2 Rdd8 36. Bd4 Ng6 37. Bd1 Rdf8 38. Bc2 Nh4 39. Qg3 Kh8 40. Rf2 Bd7 41. Rgf1 fxg4 42. f5 1-0

[Event "Saint Louis SPICE Cup op 10th"]
[Site "Saint Louis"]
[Date "2016.10.21"]
[Round "8"]
[White "Cervantes Landeiro, Thalia"]
[Black "Gosdin, Kaleb Ryder"]
[Result "1/2-1/2"]
[WhiteElo "1910"]
[BlackElo "1953"]
[PlyCount "69"]
[EventDate "2016.10.17"]
[EventType "swiss"]
[EventRounds "9"]
[EventCountry "USA"]
[SourceTitle "CBM 175 Extra"]
[Source "ChessBase"]
[SourceDate "2016.12.12"]
[SourceVersion "1"]
[SourceVersionDate "2016.12.12"]
[SourceQuality "1"]

1. d4 d5 2. c4 e6 3. Nc3 Nf6 4. cxd5 exd5 5. Bg5 c6 6. Qc2 Be7 7. e3 Nbd7 8. Bd3 0-0 9. Nge2 Re8 10. 0-0 Nf8 11. f3 Be6 12. Rae1 Rc8 13. e4 dxe4 14. fxe4 Ng4 15. Bxe7 Qxe7 16. Qd2 c5 17. d5 c4 18. dxe6 Qc5+ 19. Kh1 Nxe6 20. Nf4 cxd3 21. Nxd3 Qd4 22. Qe2 Ne5 23. Nxe5 Qxe5 24. Qf2 f6 25. Qxa7 Nc5 26. Qa5 Nd3 27. Qxe5 Rxe5 28. Rb1 Nxb2 29. Rxb2 Rxc3 30. Rxb7 Rxe4 31. h3 h5 32. Rd1 Re2 33. Rb5 Rcc2 34. Rg1 h4 35. Rb4 1/2-1/2

[Event "Saint Louis SPICE Cup op 10th"]
[Site "Saint Louis"]
[Date "2016.10.19"]
[Round "4"]
[White "Gosdin, Kaleb Ryder"]
[Black "Duran Vega, Sergio"]
[Result "0-1"]
[WhiteElo "1953"]
[BlackElo "2383"]
[PlyCount "98"]
[EventDate "2016.10.17"]
[EventType "swiss"]
[EventRounds "9"]
[EventCountry "USA"]
[SourceTitle "CBM 175 Extra"]
[Source "ChessBase"]
[SourceDate "2016.12.12"]
[SourceVersion "1"]
[SourceVersionDate "2016.12.12"]
[SourceQuality "1"]

1. d4 Nf6 2. c4 e6 3. Nc3 Bb4 4. Bg5 h6 5. Bh4 b6 6. f3 c5 7. d5 Bxc3+ 8. bxc3 e5 9. e3 d6 10. Qc2 Nbd7 11. Bd3 g5 12. Bf2 b5 13. Ne2 Nb6 14. 0-0 bxc4 15. Bxc4 Nxc4 16. Qa4+ Ke7 17. Qxc4 Qa5 18. Qd3 c4 19. Qc2 Qxd5 20. Rad1 Qc6 21. Ng3 Rg8 22. Rd2 Be6 23. Rfd1 Rad8 24. Nf5+ Bxf5 25. Qxf5 Qd7 26. Qb1 Qc6 27. Qb4 Ke6 28. Bg3 d5 29. e4 Qb6+ 30. Qxb6+ axb6 31. Bf2 b5 32. h3 Rd7 33. Kf1 Rgd8 34. Bb6 Rb8 35. Bc5 Rc8 36. Bb4 Rcd8 37. Ba5 Ra8 38. Bb4 Ra6 39. a3 dxe4 40. Rxd7 Nxd7 41. fxe4 Nf6 42. Re1 Ra7 43. Re3 Rd7 44. Ke2 h5 45. Kf3 Rd2 46. g4 h4 47. Re1 Rh2 48. Rd1 Rxh3+ 49. Ke2 Nxe4 0-1